Modernizácia a tendencie smerovania európskeho práva obchodných spoločností

Bibliographic Details
Main Author: Šuleková, Žofia (Author)
Format: Article
Language:Slovak

MARC

LEADER 00000nab a2200000uu 4500
001 vtls011458463
003 SK-MaSNL
005 20260303113418.0
008 230121|2013 xo |||||||||||||||||slo|
015 |a SNBRB 
035 |a (urnnbn)urn:nbn:sk:snk:ar-a0a4af 
035 |a (uuid)8b8e29ab-ae59-4e32-a513-911f4c5a16d2 
035 |a urn:nbn:sk:snk-abcsti 
040 |a SNKBUCL  |b slo  |c SNKBUCL  |e AACR2 
041 0 |a slo 
044 |a xo  |c SK 
100 1 |a Šuleková, Žofia  |4 aut  |9 550954 
245 1 0 |a Modernizácia a tendencie smerovania európskeho práva obchodných spoločností  |c Žofia Šuleková 
773 0 |t Justičná revue : časopis pre právnu prax  |g Roč. 65, č. 6-7 (2013), s. 933-943 
958 |a OND 
958 |a EUIPO 
958 |a article16 
999 |c 1892430  |d 1894360